<?xml version="1.0" encoding="UTF-8"?>
<collection xmlns="http://www.loc.gov/MARC21/slim">
<record>
  <controlfield tag="001">118501</controlfield>
  <controlfield tag="005">20220916124052.0</controlfield>
  <datafield tag="037" ind1=" " ind2=" ">
    <subfield code="a">TAZ-TFG-2022-1879</subfield>
  </datafield>
  <datafield tag="041" ind1=" " ind2=" ">
    <subfield code="a">spa</subfield>
  </datafield>
  <datafield tag="100" ind1="1" ind2=" ">
    <subfield code="a">Lavena González, Diego</subfield>
  </datafield>
  <datafield tag="242" ind1="0" ind2="0">
    <subfield code="a">El Pozo del Tío Raimundo: history of a neighbordhood.</subfield>
  </datafield>
  <datafield tag="245" ind1="0" ind2="0">
    <subfield code="a">El Pozo del Tío Raimundo: historia de un barrio.</subfield>
  </datafield>
  <datafield tag="260" ind1=" " ind2=" ">
    <subfield code="a">Zaragoza</subfield>
    <subfield code="b">Universidad de Zaragoza</subfield>
    <subfield code="c">2022</subfield>
  </datafield>
  <datafield tag="506" ind1=" " ind2=" ">
    <subfield code="a">by-nc-sa</subfield>
    <subfield code="b">Creative Commons</subfield>
    <subfield code="c">3.0</subfield>
    <subfield code="u">http://creativecommons.org/licenses/by-nc-sa/3.0/</subfield>
  </datafield>
  <datafield tag="520" ind1=" " ind2=" ">
    <subfield code="a">El Pozo del Tío Raimundo es un barrio ubicado en el sureste de Madrid, cuyo origen se remonta a mediados de la década de los años 20 del siglo XX. Debido a la mala situación que había en España tras la Guerra Civil, tanto a nivel económico como social, se generó un gran flujo migratorio de campesinos que abandonaban el campo para ir a la ciudad a buscar una nueva oportunidad, pero, una vez allí, al no tener apenas recursos y no poder comprarse una vivienda en el núcleo urbano de Madrid, se veían obligados a comprarse terrenos en el extrarradio de la capital en los cuales construir sus propias viviendas, surgiendo así importantes barrios chabolistas alrededor de Madrid durante los años 40 y 50, destacando el caso del Tío Raimundo, el cual se convirtió en uno de los barrios chabolistas más numerosos de Madrid. Sería a partir de los años 60 cuando tendría lugar el inicio de la organización vecinal en el Pozo del Tío Raimundo, con el objetivo de mejorar las condiciones de vida de los vecinos y los servicios con los que contaba el barrio. Posteriormente, a mediados de los años 70, con el final del franquismo y el inicio de la democracia, los vecinos del Pozo comenzaron a realizar protestas para lograr que su barrio fuera reedificado y se entregaran viviendas dignas a sus vecinos, iniciándose las obras de reedificación a finales de los años 70, las cuales finalizaron a mediados de los años 80.&lt;br /></subfield>
  </datafield>
  <datafield tag="521" ind1=" " ind2=" ">
    <subfield code="a">Graduado en Historia</subfield>
  </datafield>
  <datafield tag="540" ind1=" " ind2=" ">
    <subfield code="a">Derechos regulados por licencia Creative Commons</subfield>
  </datafield>
  <datafield tag="700" ind1=" " ind2=" ">
    <subfield code="a">Peiró Martín, Ignacio</subfield>
    <subfield code="e">dir.</subfield>
  </datafield>
  <datafield tag="710" ind1="2" ind2=" ">
    <subfield code="a">Universidad de Zaragoza</subfield>
    <subfield code="b">Historia</subfield>
    <subfield code="c"></subfield>
  </datafield>
  <datafield tag="856" ind1="0" ind2=" ">
    <subfield code="f">760780@unizar.es</subfield>
  </datafield>
  <datafield tag="856" ind1="4" ind2=" ">
    <subfield code="s">441167</subfield>
    <subfield code="u">http://zaguan.unizar.es/record/118501/files/TAZ-TFG-2022-1879.pdf</subfield>
    <subfield code="y">Memoria (spa)</subfield>
  </datafield>
  <datafield tag="909" ind1="C" ind2="O">
    <subfield code="o">oai:zaguan.unizar.es:118501</subfield>
    <subfield code="p">driver</subfield>
    <subfield code="p">trabajos-fin-grado</subfield>
  </datafield>
  <datafield tag="950" ind1=" " ind2=" ">
    <subfield code="a"></subfield>
  </datafield>
  <datafield tag="980" ind1=" " ind2=" ">
    <subfield code="a">TAZ</subfield>
    <subfield code="b">TFG</subfield>
    <subfield code="c">FFYL</subfield>
  </datafield>
  <datafield tag="999" ind1=" " ind2=" ">
    <subfield code="a">20220621102718.CREATION_DATE</subfield>
  </datafield>
  <datafield tag="951" ind1=" " ind2=" ">
    <subfield code="a">deposita:2022-09-16</subfield>
  </datafield>
</record>
</collection>